Music Quiz

Random Music or Lyrics Quiz

'Rocket Man' or 'Piano Man' Quiz Stats

 Plays Quiz Updated Nov 7, 2019

Score 0/30 Timer 05:00
10 Plays Today
Question Answer Wrong Answers
Space Rocket Man
93.9%
Piano Man
1.8%
Earth Rocket Man
93.3%
Piano Man
2.2%
Flight Rocket Man
93.2%
Piano Man
2.2%
Waitress Piano Man
93%
Rocket Man
2.5%
Beer Piano Man
92.7%
Rocket Man
2.8%
Melody Piano Man
91.9%
Rocket Man
3.7%
Microphone Piano Man
90.6%
Rocket Man
4.9%
Touchdown Rocket Man
90.3%
Piano Man
5.3%
Novelist Piano Man
89.9%
Rocket Man
5.7%
Crowd Piano Man
89%
Rocket Man
6.4%
Politics Piano Man
89%
Rocket Man
6.5%
Fuse Rocket Man
88%
Piano Man
7.4%
Kite Rocket Man
87.9%
Piano Man
7.8%
Science Rocket Man
87.8%
Piano Man
7.6%
Navy Piano Man
86.4%
Rocket Man
9.2%
Joke Piano Man
85.2%
Rocket Man
10.4%
Home Rocket Man
83.3%
Piano Man
12.2%
High Rocket Man
82.9%
Piano Man
12.7%
Bread Piano Man
82.8%
Rocket Man
12.8%
Cold Rocket Man
81.9%
Piano Man
13.6%
Carnival Piano Man
81.7%
Rocket Man
14%
Smoke Piano Man
81.4%
Rocket Man
14.2%
Bags Rocket Man
81%
Piano Man
14.5%
Memory Piano Man
80.2%
Rocket Man
15.5%
Kids Rocket Man
76.3%
Piano Man
19.4%
Hell Rocket Man
67.8%
Piano Man
27.7%
Sweet Piano Man
60.9%
Rocket Man
34.7%
Hour Rocket Man
57.7%
Piano Man
38%
Clothes Piano Man
52.9%
Rocket Man
42.7%
Job Rocket Man
42.3%
Piano Man
53.6%

You're not logged in!

Compare scores with friends on all Sporcle quizzes.
OR
Log In

Sporcle TV

Today on Sporcle TV


Watch our educational content, quiz creation guides, and fun videos on Sporcle TV.

Show Comments

Extras

Top Quizzes Today


Score Distribution

Your Account Isn't Verified!

In order to create a playlist on Sporcle, you need to verify the email address you used during registration. Go to your Sporcle Settings to finish the process.

Report this User

Report this user for behavior that violates our Community Guidelines.

Details: